La Iglesia en transición /
Bewaard in:
| Hoofdauteur: | |
|---|---|
| Andere auteurs: | , |
| Formaat: | Texto |
| Onderwerpen: | |
| Tags: |
Voeg label toe
Geen labels, Wees de eerste die dit record labelt!
|
MARC
| LEADER | 00000 a a2200000 04500 | ||
|---|---|---|---|
| 001 | 3738 | ||
| 003 | |||
| 040 | |||
| 100 | |a López, Cristobal | ||
| 245 | |a La Iglesia en transición / |c Cristobal López ; Rubén Cáceres ; Beatriz Pompa | ||
| 500 | |a Tomado de: ADITAL, Agencia de Información Frei Tito para la América Latina, Brasil, 16 de abril de 2002.www.adital.org.br | ||
| 650 | |a IGLESIA CATOLICA | ||
| 650 | |a JUSTICIA SOCIAL | ||
| 650 | |a GRUPOS POPULARES | ||
| 700 | |a Cáceres, Rubén | ||
| 700 | |a Pompa, Beatriz | ||
| 773 | |g número 185 -186; páginas 47-57 | ||
| 999 | |c 36931 |d 36931 | ||
